000 01180nam0a22002531 4500
001 rc\602101
005 20260406195725.0
035 _a(NLR Aleph) 005846410
090 _a5732887
_c5732886
100 _a20031121d1986 |||y0rusy50 ca
101 0 _arus
102 _aRU
105 _ay |||||||||
200 1 _aДУХОВНАЯ культура и социалистическая демократия
_e(Метод. материал в помощь пропагандистам, лекторам, политинформаторам)
_fДом полит. просвещения Мин. обкома КПБ, Обл. орг. о-ва "Знание"
_g[Подгот. к. филос. н., доц. Н.Н. Заренок]
210 _aМинск
_cБ. и.
_d1986
215 _a42 с.
_d20
320 _aБиблиогр.: с. 41-42
702 1 _aЗаренок
_bН.Н.
_gНиколай Николаевич
_4570
712 0 2 _a"Знание", общество БССР
_cМинск
_bМинская областная организация
_3RU\NLR\AUTH\889959119
_9414414
801 0 _aRU
_bNLR
_gpsbo
801 1 _aRU
_bELAR
_2rusmarc
852 _aNLR
_j87-4/10339
942 _cBOOK
980 _aNB